000
00228nam a22000857a 4500
999
_c
516444
_d
516444
100
_a
Shrichandra
_9
22940
245
_a
Aarsi Prasad Singh vyaktitva and krititva
_c
by Shrichandra
260
_a
New Delhi
_b
S.P.M.
_c
2012
300
_a
151p.